000 00898cam a2200217 4500
001 WS114716
008 010921n 000 0 eng u
035 _a(Sirsi) u114716
110 _aEuropean Council for Building Professionals
_94140
245 _aEuropean Council for Buidling Professionals
520 _aWeb site for this 'pan-European, non-profit making, professional organisation whose members are experts in the management and technology of the building process'. Includes details of their work towards mutual recognition of qualifications and a glossary of construction terms.
650 _aEUROPE
650 _aINTERNATIONAL
650 _aORGANISATION
650 _aMUTUAL RECOGNITON
650 _aGLOSSARY
650 _aCONSTRUCTION INDUSTRY
690 _aBUILT ENVIRONMENT
856 4 0 _uhttps://www.ecbp.org
_zView the website free of charge at www.ecbp.org...
942 _n0
999 _c119907
_d119907